Paragon Mortgages buy-to-let index (Record no. 106963)

MARC details
000 -LEADER
fixed length control field 02144cam a2200241 4500
001 - CONTROL NUMBER
control field L137987
008 - FIXED-LENGTH DATA ELEMENTS--GENERAL INFORMATION
fixed length control field 070221s2007 d s 000 0 eng u
035 ## - SYSTEM CONTROL NUMBER
System control number (Sirsi) u137987
041 0# - LANGUAGE CODE
Language code of text/sound track or separate title eng
050 04 - LIBRARY OF CONGRESS CALL NUMBER
Classification number 332.6324 $2 18
110 2# - MAIN ENTRY--CORPORATE NAME
Corporate name or jurisdiction name as entry element Paragon Mortgages
9 (RLIN) 4976
245 00 - TITLE STATEMENT
Title Paragon Mortgages buy-to-let index
Remainder of title March 2007
Medium [electronic resource]
260 ## - PUBLICATION, DISTRIBUTION, ETC.
Place of publication, distribution, etc. Solihull
Name of publisher, distributor, etc. Paragon Mortgages
Date of publication, distribution, etc. 2007
490 #0 - SERIES STATEMENT
Series statement Paragon Mortgages Buy-to-Let Index
Volume/sequential designation March 2007
505 2# - FORMATTED CONTENTS NOTE
Formatted contents note Highlights -- Averages -- Rental yield average for England and Wales -- Property value and rental income average for England and Wales -- Landlord property value, rental value, yield and percentage change by region -- Landlord property yields by region -- Landlord property values by region -- Landlord rental incomes by region -- Landlord property value, rental value, yield and percentage change by property type.
520 ## - SUMMARY, ETC.
Summary, etc. Total returns at their highest level since November - up 2% in February to 10%. Regions achieving the highest total returns in February were the North (25.0%), East Anglia (22.1%) and Wales (19.1%). Yields rose to their highest level in six months, increasing from 6.0% to 6.1%. In February the top performing regions in terms of yields were Yorkshire (6.7%), Wales (6.7%) and the South West (6.5%). Rental incomes were also on the rise, increasing 3.9% between January and February. Average rents now stand at £10 334 per annum. Regions achieving the highest rents are London (£17 869), the South West (£12 263) and the South East (£10 824). Property values have continued to rise, from £165 141 in January, to £169 167 in February. Average annual capital gain stands at 3.5%. Regions with the highest annual house price increase are the North (18.6%), East Anglia (16.1%) and Wales (11.4%).
590 ## - LOCAL NOTE (RLIN)
Local note KA
650 24 - SUBJECT ADDED ENTRY--TOPICAL TERM
Topical term or geographic name entry element PARAGON MORTGAGES BUY-TO-LET INDEX
651 #4 - SUBJECT ADDED ENTRY--GEOGRAPHIC NAME
Geographic name England and Wales
Chronological subdivision 1543-
690 ## - LOCAL SUBJECT ADDED ENTRY--TOPICAL TERM (OCLC, RLIN)
Topical term or geographic name as entry element PROPERTY-RESIDENTIAL PROPERTY-RESIDENTIAL PROPERTY MARKET
856 40 - ELECTRONIC LOCATION AND ACCESS
Uniform Resource Identifier <a href="https://www.paragon-mortgages.co.uk/mortgagehome.nsf/BTLIndex">https://www.paragon-mortgages.co.uk/mortgagehome.nsf/BTLIndex</a>
Public note View the index free of charge at www.paragon-mortages.co.uk...
942 ## - ADDED ENTRY ELEMENTS (KOHA)
Suppress in OPAC 0
Holdings
Withdrawn status Lost status Source of classification or shelving scheme Damaged status Not for loan Home library Current library Shelving location Date acquired Total Checkouts Full call number Barcode Date last seen Copy number Price effective from Koha item type
    Dewey Decimal Classification     Virtual Virtual Online 10/05/2007   ONLINE PUBLICATION 137987-2001 06/08/2019 1 06/08/2019 Book